[Event "C.to Provinciale PR"]
[Site "Salsomaggiore Terme ITA"]
[Date "2015.03.21"]
[Round "2"]
[White "Pelagatti, Alessandro"]
[Black "Sacchetti, Andrea"]
[WhiteElo "2181"]
[BlackElo "1859"]
[Result "1-0"]
[PlyCount "49"]
[EventDate "2015.03.20"]

1. d4 d5 2. c4 e6 3. Nf3 Nf6 4. Nc3 Be7 5. Bf4 c6 6. e3 Nbd7 7. c5 O-O 8. Bd3
Re8 9. Qc2 Nf8 10. O-O Nh5 11. b4 g5 12. Bg3 Nxg3 13. hxg3 f6 14. Rfd1 g4 15.
Nh2 e5 16. Bf5 e4 17. Bxg4 Bxg4 18. Nxg4 Qd7 19. Qe2 Ng6 20. Nh6+ Kh8 21. Qh5
Bf8 22. Nf5 Qf7 23. g4 Kg8 24. b5 Ne7 25. Qxf7+ 1-0

[Event "C.to Provinciale PR"]
[Site "Salsomaggiore Terme ITA"]
[Date "2015.03.21"]
[Round "3"]
[White "Bettini, Alessandro"]
[Black "Ghirardi, Gianfranco"]
[WhiteElo "1794"]
[BlackElo "1694"]
[Result "1/2-1/2"]
[PlyCount "131"]
[EventDate "2015.03.20"]

1. d4 Nf6 2. Nf3 g6 3. b3 d5 4. Bb2 Bg7 5. g3 O-O 6. Bg2 Bf5 7. O-O Nbd7 8.
Nbd2 c6 9. Re1 h6 10. Nh4 Nb6 11. Nxf5 gxf5 12. Rc1 Rc8 13. Bh3 e6 14. c4 Ne4
15. c5 Nd7 16. Rc2 Nxd2 17. Qxd2 Qg5 18. Qxg5 hxg5 19. e3 g4 20. Bg2 Bf6 21. h4
Kh7 22. Bf1 Kg6 23. Bd3 e5 24. dxe5 Nxe5 25. Bxe5 Bxe5 26. b4 Rfe8 27. Kg2 Rc7
28. Rb1 d4 29. e4 f4 30. gxf4 Bxf4 31. Re2 Kh5 32. Rh1 Rce7 33. f3 Rg8 34.
fxg4+ Rxg4+ 35. Kf3 Be5 36. Rg2 Rxh4 37. Rxh4+ Kxh4 38. Bc4 Kh5 39. Rg8 b5 40.
cxb6 axb6 41. Ra8 Kg5 42. Ra6 b5 43. Bb3 Rc7 44. Ra5 f6 45. Ra8 c5 46. Rg8+ Kh6
47. bxc5 Rxc5 48. Rg2 Rc7 49. Rc2 Rc3+ 50. Rxc3 dxc3 51. Ke2 Kg7 52. Kd3 Kf8
53. Bd5 Ke7 54. Kc2 Kd6 55. Bf7 Kc5 56. Be6 Kd4 57. Bf5 b4 58. Bg6 Bf4 59. Bf5
Bd2 60. Bg6 Kc4 61. Bf7+ Kd4 62. Bg6 Ke5 63. Bf5 Kf4 64. Bh7 Kg5 65. Bf5 Kh6
66. Kd3 1/2-1/2

[Event "C.to Provinciale PR"]
[Site "Salsomaggiore Terme ITA"]
[Date "2015.03.21"]
[Round "3"]
[White "Bettini, Sofia"]
[Black "Pagani, Fausto"]
[WhiteElo "1407"]
[BlackElo "1586"]
[Result "0-1"]
[PlyCount "66"]
[EventDate "2015.03.20"]

1. d4 d5 2. Nf3 Nf6 3. g3 e6 4. Bg2 c5 5. e3 Nc6 6. b3 b5 7. Bb2 Qa5+ 8. Nbd2
c4 9. c3 b4 10. Qc2 bxc3 11. Qxc3 Bb4 12. Qc2 c3 13. Bxc3 Bxc3 14. Rc1 Bxd2+
15. Nxd2 Bd7 16. O-O O-O 17. a4 Rfc8 18. Qb2 Rab8 19. Rc5 Qd8 20. Rfc1 Nb4 21.
Bf1 Rxc5 22. dxc5 Bc6 23. Nf3 Qc7 24. Ne5 Nd7 25. Nxc6 Nxc6 26. Bb5 Nb4 27. c6
Ne5 28. Qa3 a5 29. Kg2 Rb6 30. Rc5 Nexc6 31. Qc1 Qb7 32. Bxc6 Rxc6 33. Rb5 Qxb5
0-1

[Event "C.to Provinciale PR"]
[Site "Salsomaggiore Terme ITA"]
[Date "2015.03.21"]
[Round "3"]
[White "Carletti, Angelo"]
[Black "Panizzi, Giuseppe"]
[WhiteElo "1908"]
[BlackElo "2080"]
[Result "1/2-1/2"]
[PlyCount "30"]
[EventDate "2015.03.20"]

1. d4 d5 2. c4 c6 3. Nc3 Nf6 4. Nf3 e6 5. Bg5 Nbd7 6. e3 Qa5 7. Qc2 Bb4 8. Bh4
Ne4 9. Rc1 Qxa2 10. Bd3 Bxc3+ 11. bxc3 Qxc2 12. Rxc2 h6 13. Nd2 f5 14. f3 Nxd2
15. Kxd2 O-O 1/2-1/2

[Event "C.to Provinciale PR"]
[Site "Salsomaggiore Terme ITA"]
[Date "2015.03.21"]
[Round "3"]
[White "Cripotos, Demetrio"]
[Black "Brogneri, Giovanni"]
[WhiteElo "1446"]
[BlackElo "1801"]
[Result "0-1"]
[PlyCount "64"]
[EventDate "2015.03.20"]

1. e4 e6 2. d4 d5 3. Nc3 Bb4 4. exd5 exd5 5. Nf3 Nf6 6. Bd3 Bg4 7. Bg5 Qe7+ 8.
Be2 Bxf3 9. gxf3 c6 10. Qd3 Nbd7 11. O-O-O O-O-O 12. Rhe1 Qd6 13. Bh4 Qf4+ 14.
Kb1 Qxh4 15. a3 Bxc3 16. Qxc3 Rhe8 17. Qa5 Qxf2 18. Qxa7 Rxe2 19. Rf1 Qxh2 20.
Rd3 Qb8 21. Qa5 Rde8 22. Rb3 Qc7 23. Qb4 Nb8 24. Ka2 Rxc2 25. Rg1 g6 26. Qa4
Rc4 27. Qa7 Re2 28. Rg5 Nh5 29. Re5 Rxe5 30. dxe5 Nf4 31. Qe3 g5 32. Qg1 Ne2
0-1

[Event "C.to Provinciale PR"]
[Site "Salsomaggiore Terme ITA"]
[Date "2015.03.21"]
[Round "3"]
[White "Ferrari, Andrea"]
[Black "Melino, Gianluca"]
[WhiteElo "1392"]
[BlackElo "1790"]
[Result "0-1"]
[PlyCount "86"]
[EventDate "2015.03.20"]

1. e4 g6 2. d4 Bg7 3. Nf3 d6 4. Nc3 a6 5. Be2 b5 6. a3 Nd7 7. O-O c5 8. Be3 Bb7
9. dxc5 Nxc5 10. Bxc5 dxc5 11. Qxd8+ Rxd8 12. Rfd1 Nh6 13. Rxd8+ Kxd8 14. Ng5
e6 15. Bf3 Ke7 16. e5 Bxf3 17. Nxf3 Nf5 18. Rd1 Nd4 19. Nxd4 cxd4 20. Rxd4 Bxe5
21. Rd3 Rc8 22. Kf1 a5 23. Ke2 b4 24. axb4 axb4 25. Nd1 Rxc2+ 26. Rd2 Rc7 27.
Kd3 Rd7+ 28. Ke2 Rc7 29. Kd3 h6 30. Rc2 Rxc2 31. Kxc2 Kd6 32. Kb3 Kc5 33. h3
Bd4 34. Ne3 Bxe3 35. fxe3 f6 36. g3 f5 37. Kc2 g5 38. Kd3 e5 39. b3 Kd5 40. e4+
Ke6 41. exf5+ Kxf5 42. Kc4 Ke4 43. Kxb4 Kd4 0-1

[Event "C.to Provinciale PR"]
[Site "Salsomaggiore Terme ITA"]
[Date "2015.03.22"]
[Round "3"]
[White "Fischetti, Luciano"]
[Black "Mantovani, Celso"]
[WhiteElo "1523"]
[BlackElo "1035"]
[Result "1-0"]
[PlyCount "59"]
[EventDate "2015.03.20"]

1. g3 d5 2. d4 Nf6 3. Bg2 e6 4. Nc3 Bd7 5. Nf3 Nc6 6. Bf4 Bd6 7. Bg5 O-O 8. O-O
Ne7 9. Re1 Ng6 10. e4 c6 11. e5 Be7 12. exf6 Bxf6 13. h4 h6 14. Bxf6 Qxf6 15.
h5 Ne7 16. Ne5 Rad8 17. Re3 Nf5 18. Rf3 Qg5 19. Rf4 Be8 20. Rg4 Qe7 21. Qd3 Rc8
22. Re1 a6 23. Ne2 f6 24. Ng6 Qc7 25. Nef4 Bf7 26. Nxf8 Rxf8 27. Nxe6 Qc8 28.
Qxf5 Kh8 29. Rxg7 Bg8 30. Qg6 1-0

[Event "C.to Provinciale PR"]
[Site "Salsomaggiore Terme ITA"]
[Date "2015.03.21"]
[Round "3"]
[White "Fongarolli, Diego"]
[Black "Modena, Giorgio"]
[WhiteElo "2080"]
[BlackElo "1916"]
[Result "1/2-1/2"]
[PlyCount "35"]
[EventDate "2015.03.20"]

1. e4 e6 2. d4 d5 3. Nd2 Nf6 4. e5 Nfd7 5. Bd3 c5 6. c3 Nc6 7. Ne2 Be7 8. O-O
cxd4 9. cxd4 O-O 10. f4 f5 11. Kh1 g6 12. Nf3 Rf7 13. Bd2 Nf8 14. Rc1 Bd7 15.
Nc3 h6 16. Nb5 Rg7 17. Qe1 Be8 18. Nc3 1/2-1/2

[Event "C.to Provinciale PR"]
[Site "Salsomaggiore Terme ITA"]
[Date "2015.03.21"]
[Round "3"]
[White "Maran, Walter"]
[Black "Ollari, Luca"]
[WhiteElo "1687"]
[BlackElo "1820"]
[Result "0-1"]
[PlyCount "82"]
[EventDate "2015.03.20"]

1. e4 c5 2. Nf3 e6 3. d4 cxd4 4. Nxd4 Nc6 5. Be3 a6 6. Be2 Qc7 7. Nd2 Nf6 8. h3
Bc5 9. c3 Ne5 10. O-O Ng6 11. Rc1 Nf4 12. Bf3 Nd3 13. Rc2 Ne5 14. N2b3 Nxf3+
15. Qxf3 Bd6 16. Bg5 Be5 17. Qe2 h6 18. Bc1 Bd6 19. f4 Be7 20. Kh1 b5 21. e5
Nd5 22. a3 Bb7 23. c4 bxc4 24. Rxc4 Qb6 25. Bd2 a5 26. Ra4 Ba6 27. Qe1 Bxf1 28.
Qxf1 O-O 29. Bxa5 Qb7 30. Qf2 Rfc8 31. f5 Nb6 32. Bb4 Rxa4 33. Bxe7 Nd5 34. Bd6
exf5 35. Nc5 Rxc5 36. Bxc5 f4 37. b3 Ra6 38. Qh4 Ne3 39. Qf2 Rg6 40. Qf3 Qc7
41. Qxf4 Nxg2 0-1

[Event "C.to Provinciale PR"]
[Site "Salsomaggiore Terme ITA"]
[Date "2015.03.21"]
[Round "3"]
[White "Megli, Massimo"]
[Black "Mantovani, Enrico"]
[WhiteElo "1757"]
[BlackElo "1820"]
[Result "1-0"]
[PlyCount "47"]
[EventDate "2015.03.20"]

1. e4 c6 2. d4 d5 3. Nc3 dxe4 4. Nxe4 Nf6 5. Nc3 Bf5 6. Nf3 h6 7. Be2 e6 8. O-O
Bd6 9. h3 O-O 10. Be3 Nbd7 11. Bd3 Bxd3 12. Qxd3 Nb6 13. Ne5 Qc7 14. f4 Rfd8
15. Ne4 Nxe4 16. Qxe4 c5 17. f5 exf5 18. Rxf5 Re8 19. Qg4 f6 20. Rxf6 Bxe5 21.
dxe5 Qxe5 22. Rf3 Kh7 23. Bd2 Qxb2 24. Bc3 1-0

[Event "C.to Provinciale PR"]
[Site "Salsomaggiore Terme ITA"]
[Date "2015.03.21"]
[Round "3"]
[White "Mingione, Luigi"]
[Black "Ferrari, Cristiano"]
[WhiteElo "1724"]
[BlackElo "1592"]
[Result "1-0"]
[PlyCount "57"]
[EventDate "2015.03.20"]

1. e4 c5 2. f4 d6 3. Nf3 a6 4. d4 cxd4 5. Nxd4 g6 6. Be2 Bg7 7. Nc3 e6 8. Be3
Ne7 9. O-O O-O 10. Qd2 f5 11. Bc4 d5 12. exd5 exd5 13. Bb3 Nbc6 14. Rad1 Na5
15. Rfe1 Nxb3 16. Nxb3 Be6 17. Bc5 Qd7 18. Nd4 Rf6 19. Qe3 Kf7 20. Re2 Re8 21.
Rde1 Nc8 22. Nf3 Kg8 23. Ne5 Qd8 24. Bd4 Bf7 25. Qf3 Rd6 26. Bc5 Rf6 27. Nxf7
Kxf7 28. Rxe8 Qa5 29. Qxd5+ 1-0

[Event "C.to Provinciale PR"]
[Site "Salsomaggiore Terme ITA"]
[Date "2015.03.21"]
[Round "3"]
[White "Paoli, Walter"]
[Black "Pelagatti, Alessandro"]
[WhiteElo "2039"]
[BlackElo "2181"]
[Result "1/2-1/2"]
[PlyCount "81"]
[EventDate "2015.03.20"]

1. Nf3 g6 2. g3 Bg7 3. d4 Nf6 4. Bg2 O-O 5. O-O d6 6. Nbd2 c5 7. dxc5 dxc5 8.
Nc4 Nfd7 9. c3 Nc6 10. e4 b6 11. Re1 Ba6 12. Ne3 e6 13. Qa4 Qc8 14. Bf1 Bxf1
15. Nxf1 Nde5 16. Nxe5 Nxe5 17. Qd1 Qa6 18. Qe2 Qxe2 19. Rxe2 Rfd8 20. Be3 Rd7
21. Kg2 Rad8 22. Rd2 Nc4 23. Rxd7 Rxd7 24. Rb1 f5 25. exf5 gxf5 26. Kf3 e5 27.
Ke2 Kf7 28. Nd2 Nxd2 29. Bxd2 Ke6 30. Be3 c4 31. Rd1 Rxd1 32. Kxd1 Bf8 33. Ke2
Bd6 34. f3 h5 35. h3 f4 36. gxf4 exf4 37. Bf2 Bc7 38. Kd2 a6 39. a4 b5 40. axb5
axb5 41. Kc2 1/2-1/2

[Event "C.to Provinciale PR"]
[Site "Salsomaggiore Terme ITA"]
[Date "2015.03.21"]
[Round "3"]
[White "Sacchetti, Andrea"]
[Black "Orlando, Luigi"]
[WhiteElo "1859"]
[BlackElo "1873"]
[Result "0-1"]
[PlyCount "46"]
[EventDate "2015.03.20"]

1. d4 Nf6 2. c4 g6 3. Nc3 Bg7 4. e4 d6 5. Bg5 h6 6. Bh4 O-O 7. Nf3 g5 8. Bg3
Nc6 9. d5 Nb8 10. Qd2 Nbd7 11. Bd3 Nc5 12. Bc2 c6 13. h4 g4 14. Nd4 e5 15. dxe6
fxe6 16. Nde2 e5 17. O-O-O Ne8 18. Rhg1 Be6 19. b3 Qa5 20. Nb1 Qxa2 21. Nec3
Nxb3+ 22. Bxb3 Qxb3 23. Qb2 Qxb2+ 0-1

[Event "C.to Provinciale PR"]
[Site "Salsomaggiore Terme ITA"]
[Date "2015.03.21"]
[Round "3"]
[White "Salati, Paolo"]
[Black "Ferrarini, Maurizio"]
[WhiteElo "1816"]
[BlackElo "1709"]
[Result "1-0"]
[PlyCount "37"]
[EventDate "2015.03.20"]

1. e4 e5 2. Nf3 Nc6 3. Bc4 Be7 4. Nc3 Nf6 5. O-O O-O 6. a3 d6 7. h3 h6 8. Re1
a6 9. d4 exd4 10. Nxd4 Nxd4 11. Qxd4 b5 12. Bb3 Bb7 13. Bf4 Re8 14. Rad1 Bf8
15. Nd5 Nxd5 16. Bxd5 Bxd5 17. Qxd5 Qf6 18. Bc1 Re6 19. Qxa8 1-0

[Event "C.to Provinciale PR"]
[Site "Salsomaggiore Terme ITA"]
[Date "2015.03.22"]
[Round "3"]
[White "Shubitidze, Pietro"]
[Black "Fragni, Enrico"]
[WhiteElo "1368"]
[BlackElo "1575"]
[Result "0-1"]
[PlyCount "94"]
[EventDate "2015.03.20"]

1. e4 d6 2. Nc3 c6 3. d3 e5 4. Nf3 Bg4 5. Qe2 Be7 6. Qe3 f5 7. exf5 Bxf5 8. d4
Nd7 9. dxe5 dxe5 10. Bd3 Bxd3 11. cxd3 Bf6 12. b3 Ne7 13. Bb2 Qa5 14. O-O O-O
15. a3 Nf5 16. Qe4 Nd6 17. Qe2 Rae8 18. Rae1 Nf5 19. b4 Qd8 20. Qd1 Kh8 21. Re2
Re6 22. Rfe1 Rfe8 23. Re4 Qc7 24. R1e2 b5 25. Qe1 Nh6 26. Nd1 a6 27. d4 Nf7 28.
Nc3 Qd6 29. Na2 h6 30. Nc1 Ng5 31. Nxg5 hxg5 32. Nd3 Qd5 33. Nxe5 Bxe5 34. dxe5
c5 35. bxc5 Qxc5 36. g3 Rf8 37. h4 Rf3 38. R2e3 Rf5 39. hxg5 Rxg5 40. f4 Rg4
41. f5 Rxe4 42. fxe6 Rxe3 43. Qf2 Re1+ 44. Kg2 Qd5+ 45. Qf3 Re2+ 46. Kh3 Qxf3
47. exd7 Qh5# 0-1

[Event "C.to Provinciale PR"]
[Site "Salsomaggiore Terme ITA"]
[Date "2015.03.22"]
[Round "4"]
[White "Bettini, Sofia"]
[Black "Shubitidze, Pietro"]
[WhiteElo "1407"]
[BlackElo "1368"]
[Result "1-0"]
[PlyCount "67"]
[EventDate "2015.03.20"]

1. d4 d5 2. Nf3 Nc6 3. b3 Nf6 4. Bb2 e6 5. Nbd2 Bb4 6. c3 Ba5 7. g3 O-O 8. Bg2
Re8 9. Ne5 Qd6 10. Nxc6 Qxc6 11. Rc1 Qd6 12. O-O b5 13. c4 Rb8 14. Qc2 Re7 15.
c5 Qc6 16. a3 b4 17. e4 bxa3 18. Bxa3 Bxd2 19. Qxd2 dxe4 20. b4 Qd5 21. Rfe1
Bb7 22. Re2 e5 23. dxe5 Qxe5 24. f3 Qf5 25. fxe4 Bxe4 26. Bxe4 Nxe4 27. Qd3
Rbe8 28. Bb2 Qg6 29. Kg2 f6 30. Rce1 h6 31. b5 Ng5 32. Rxe7 Rxe7 33. Rxe7 Qf7
34. Rxf7 1-0

[Event "C.to Provinciale PR"]
[Site "Salsomaggiore Terme ITA"]
[Date "2015.03.22"]
[Round "4"]
[White "Brogneri, Giovanni"]
[Black "Melino, Gianluca"]
[WhiteElo "1801"]
[BlackElo "1790"]
[Result "0-1"]
[PlyCount "97"]
[EventDate "2015.03.20"]

1. c4 g6 2. g3 Bg7 3. Bg2 d6 4. Nc3 Nf6 5. d4 O-O 6. e4 e5 7. d5 a5 8. Nge2 Na6
9. f3 Bd7 10. Be3 Ne8 11. Qd2 f5 12. O-O Nf6 13. Bg5 Qe8 14. Rac1 Nc5 15. Be3
b6 16. b3 fxe4 17. Nxe4 Ncxe4 18. fxe4 Bg4 19. h3 Bd7 20. a3 Rf7 21. Kh2 Qe7
22. Ng1 Raf8 23. b4 axb4 24. axb4 Qe8 25. Qe2 h5 26. c5 Bb5 27. Qc2 Bxf1 28.
Rxf1 bxc5 29. bxc5 Ng4+ 30. hxg4 Rxf1 31. Bxf1 Rxf1 32. gxh5 gxh5 33. Qe2 Qf7
34. Kg2 Rf6 35. c6 Qg6 36. Ba7 h4 37. Qd3 hxg3 38. Ne2 Bh6 39. Qxg3 Bg5 40. Qg4
Be3 41. Qxg6+ Rxg6+ 42. Kf3 Bxa7 43. Nc3 Rf6+ 44. Ke2 Rf2+ 45. Kd1 Kf7 46. Nb5
Bb6 47. Nc3 Ke7 48. Na4 Rf4 49. Nc3 0-1

[Event "C.to Provinciale PR"]
[Site "Salsomaggiore Terme ITA"]
[Date "2015.03.22"]
[Round "4"]
[White "Ferrari, Cristiano"]
[Black "Maran, Walter"]
[WhiteElo "1592"]
[BlackElo "1687"]
[Result "1/2-1/2"]
[PlyCount "109"]
[EventDate "2015.03.20"]

1. e4 e6 2. d4 d5 3. Nd2 Nf6 4. e5 Nfd7 5. Ngf3 c5 6. c3 Nc6 7. Bd3 cxd4 8.
cxd4 Be7 9. a3 f6 10. Qe2 O-O 11. Nb3 fxe5 12. dxe5 Qc7 13. Bg5 Rxf3 14. Bxe7
Qxe5 15. gxf3 Qxe2+ 16. Kxe2 Nxe7 17. Rac1 a6 18. Rhg1 Nc6 19. Rg3 Nde5 20. Ke3
Nxd3 21. Kxd3 e5 22. h4 Bf5+ 23. Kd2 Rf8 24. h5 g6 25. Rc5 Rd8 26. hxg6 Bxg6
27. Na5 Nxa5 28. Rxa5 Kf7 29. Rc5 Rd7 30. b4 Ke6 31. Rg5 Kf6 32. f4 Bf5 33. Rg8
exf4 34. Rf8+ Ke5 35. f3 Rg7 36. Rxd5+ Kxd5 37. Rxf5+ Kc4 38. Rxf4+ Kb3 39. Rd4
Kxa3 40. Ke3 Kb3 41. f4 Kc3 42. Ke4 b6 43. f5 a5 44. bxa5 bxa5 45. Ra4 Ra7 46.
f6 Kb3 47. f7 Re7+ 48. Kd4 Rxf7 49. Rxa5 Kb4 50. Ra6 h5 51. Rb6+ Ka5 52. Rb2
Rf4+ 53. Kc5 Rf5+ 54. Kd4 h4 55. Ke4 1/2-1/2

[Event "C.to Provinciale PR"]
[Site "Salsomaggiore Terme ITA"]
[Date "2015.03.22"]
[Round "4"]
[White "Ferrarini, Maurizio"]
[Black "Mingione, Luigi"]
[WhiteElo "1709"]
[BlackElo "1724"]
[Result "0-1"]
[PlyCount "100"]
[EventDate "2015.03.20"]

1. e4 e5 2. Nf3 Nc6 3. Bc4 Nf6 4. Ng5 Bc5 5. Bxf7+ Ke7 6. Bd5 Rf8 7. O-O h6 8.
Nf3 d6 9. h3 Qe8 10. d3 Qh5 11. Nh2 Qxd1 12. Rxd1 Bxf2+ 13. Kxf2 Nxd5+ 14. Kg1
Ndb4 15. Na3 Nd4 16. Rd2 Nbc6 17. c3 Ne6 18. Nc4 Bd7 19. Ne3 Rae8 20. Nd5+ Kd8
21. Rd1 Nf4 22. Nxf4 exf4 23. h4 Ne5 24. Rd2 f3 25. gxf3 Nxf3+ 26. Nxf3 Rxf3
27. Rg2 Re7 28. d4 Ref7 29. Bd2 Rh3 30. Rh2 Rxh2 31. Kxh2 Rf2+ 32. Kg3 Rxd2 33.
Kf4 Ke7 34. Rg1 Kf7 35. e5 dxe5+ 36. dxe5 Rxb2 37. Ke4 Rxa2 38. Rf1+ Kg8 39.
Kd5 Rd2+ 40. Kc5 b6+ 41. Kb4 a5+ 42. Kc4 Be6+ 43. Kb5 Rd5+ 44. Kc6 Rc5+ 45. Kb7
Rxc3 46. Rd1 Rc5 47. Re1 a4 48. h5 b5 49. Re3 b4 50. Re4 Bd5+ 0-1

[Event "C.to Provinciale PR"]
[Site "Salsomaggiore Terme ITA"]
[Date "2015.03.22"]
[Round "4"]
[White "Fragni, Enrico"]
[Black "Ferrari, Andrea"]
[WhiteElo "1575"]
[BlackElo "1392"]
[Result "1/2-1/2"]
[PlyCount "167"]
[EventDate "2015.03.20"]

1. Nf3 d5 2. d4 Nf6 3. Bg5 e6 4. Nbd2 Be7 5. e3 O-O 6. Bd3 Nbd7 7. Qe2 b6 8. c3
Bb7 9. Bf4 c5 10. Rc1 cxd4 11. exd4 Rc8 12. O-O Re8 13. Rce1 Nf8 14. h3 Ng6 15.
Bg3 Nh5 16. Bh2 Nhf4 17. Qe3 Nxd3 18. Qxd3 Qd7 19. Ne5 Qa4 20. Qb1 Ba6 21. b3
Qa5 22. b4 Qa3 23. c4 dxc4 24. b5 Nxe5 25. Bxe5 Bb7 26. Re3 Qa5 27. Qc2 Qxb5
28. Rg3 g6 29. Ne4 Bxe4 30. Qxe4 Qd5 31. Qe3 Bd6 32. Bf6 Bf8 33. Rg5 Qd7 34.
Rg3 Bg7 35. Qe5 Bxf6 36. Qxf6 Qe7 37. Qf4 Qf8 38. h4 h5 39. Qe5 Kh7 40. Re1 Qh6
41. Qf6 Qg7 42. Qf3 b5 43. Re5 f5 44. Rg5 Qh6 45. Rxb5 Qg7 46. Qc3 Red8 47. Re5
Qd7 48. Rg3 Qxd4 49. Rxe6 Qxc3 50. Rxc3 Rd3 51. Re3 Rxe3 52. fxe3 Kg7 53. Kf2
Kf6 54. Kf3 Ke5 55. g3 a6 56. a3 Rc7 57. a4 Rc6 58. Kf2 Ke4 59. Ke2 Rc5 60. Kf2
Kd5 61. Kf3 Ra5 62. Ra3 Kc5 63. Ke2 Kb4 64. Ra1 Rxa4 65. Rb1+ Kc3 66. Rb6 Rb4
67. Rxa6 Kb2 68. Rxg6 c3 69. Rc6 Kc2 70. Rc5 Rb8 71. Rxf5 Kb2 72. Rxh5 c2 73.
Rc5 c1=Q 74. Rxc1 Kxc1 75. Kf3 Kd2 76. h5 Rf8+ 77. Kg4 Kxe3 78. Kh4 Kf3 79. h6
Rg8 80. Kh5 Rxg3 81. h7 Kf4 82. Kh6 Rh3+ 83. Kg7 Rxh7+ 84. Kxh7 1/2-1/2

[Event "C.to Provinciale PR"]
[Site "Salsomaggiore Terme ITA"]
[Date "2015.03.22"]
[Round "4"]
[White "Ghirardi, Gianfranco"]
[Black "Mantovani, Enrico"]
[WhiteElo "1694"]
[BlackElo "1820"]
[Result "0-1"]
[PlyCount "120"]
[EventDate "2015.03.20"]

1. e4 c6 2. d4 d5 3. Nd2 dxe4 4. Nxe4 Nf6 5. Nxf6+ gxf6 6. Bf4 Qd5 7. Bxb8 Rxb8
8. c4 Qe4+ 9. Ne2 Bh6 10. Qb3 Be6 11. f3 Qe3 12. Qxe3 Bxe3 13. b3 Rd8 14. Rd1
Bf5 15. g4 Bc2 16. Rd2 Bxd2+ 17. Kxd2 Bg6 18. f4 Be4 19. Rg1 f5 20. Ke3 c5 21.
d5 e6 22. gxf5 exd5 23. Ng3 Bb1 24. a3 d4+ 25. Kd2 Rg8 26. Bg2 Ba2 27. Ne4 Bxb3
28. Nxc5 Bxc4 29. Re1+ Kf8 30. Bxb7 Rg4 31. Rc1 Bd5 32. Bxd5 Rxd5 33. f6 Ke8
34. Na6 Kd8 35. Rc6 Rxf4 36. Rc7 Rxf6 37. Rxa7 Rd7 38. Ra8+ Ke7 39. Nc5 Rc7 40.
Ne4 Rf3 41. Ra5 d3 42. Re5+ Kf8 43. Nc5 Re7 44. Rxe7 Kxe7 45. Nxd3 Rh3 46. a4
Rxh2+ 47. Ke3 Kd6 48. Nf4 Ra2 49. Kf3 Rxa4 50. Nh5 Ke5 51. Kg3 f5 52. Kf3 Ra3+
53. Kf2 f4 54. Ng7 Ke4 55. Ne6 Ra2+ 56. Kf1 h6 57. Nc5+ Kf3 58. Nb3 Rb2 59.
Nd4+ Ke4 60. Ne2 f3 0-1

[Event "C.to Provinciale PR"]
[Site "Salsomaggiore Terme ITA"]
[Date "2015.03.22"]
[Round "4"]
[White "Modena, Giorgio"]
[Black "Salati, Paolo"]
[WhiteElo "1916"]
[BlackElo "1816"]
[Result "1-0"]
[PlyCount "67"]
[EventDate "2015.03.20"]

1. e4 Nf6 2. e5 Nd5 3. c4 Nb6 4. d4 d6 5. exd6 exd6 6. Bd3 Nc6 7. Ne2 Be7 8.
Nbc3 O-O 9. O-O Bf6 10. Be3 Nb4 11. Rc1 Nxd3 12. Qxd3 Re8 13. Ng3 g6 14. b3 Nd7
15. Rce1 Bg7 16. f4 Nf6 17. f5 Ng4 18. fxg6 fxg6 19. Bg5 Qd7 20. Nd5 Rxe1 21.
Rxe1 Qf7 22. Rf1 Qe8 23. Nxc7 Qd7 24. Nxa8 b6 25. h3 Nh6 26. Bxh6 Bxh6 27. Ne4
Bg7 28. Nf6+ Bxf6 29. Rxf6 Qe7 30. Qf1 Bb7 31. Nc7 Qxc7 32. Rf8+ Kg7 33. Qf6+
Kh6 34. Rf7 1-0

[Event "C.to Provinciale PR"]
[Site "Salsomaggiore Terme ITA"]
[Date "2015.03.22"]
[Round "4"]
[White "Ollari, Luca"]
[Black "Megli, Massimo"]
[WhiteElo "1820"]
[BlackElo "1757"]
[Result "1-0"]
[PlyCount "81"]
[EventDate "2015.03.20"]

1. e4 c5 2. a3 e6 3. b4 d5 4. e5 Nc6 5. Nf3 Qc7 6. Bb2 d4 7. Bb5 a6 8. Bxc6+
Qxc6 9. O-O b6 10. d3 Ne7 11. c3 dxc3 12. Nxc3 Nd5 13. Ne4 cxb4 14. Nd4 Qd7 15.
Qg4 h5 16. Qg5 Qd8 17. Nd6+ Bxd6 18. Qxg7 Bxe5 19. Qxe5 Qf6 20. Qd6 Qd8 21.
Qxd8+ Kxd8 22. Nxe6+ Bxe6 23. Bxh8 b3 24. Rab1 b5 25. Bd4 Nf4 26. Be5 Nxd3 27.
Rfd1 Bc4 28. Rxb3 Ke7 29. Rbxd3 Bxd3 30. Rxd3 Ke6 31. Bg3 Rc8 32. Kf1 Rc2 33.
Rd6+ Kf5 34. Rxa6 Ra2 35. Ra5 Ke4 36. Rxb5 Rxa3 37. Re5+ Kd4 38. Rxh5 Kd3 39.
Rd5+ Ke4 40. Rd1 f5 41. f3+ 1-0

[Event "C.to Provinciale PR"]
[Site "Salsomaggiore Terme ITA"]
[Date "2015.03.22"]
[Round "4"]
[White "Orlando, Luigi"]
[Black "Fongarolli, Diego"]
[WhiteElo "1873"]
[BlackElo "2080"]
[Result "1/2-1/2"]
[PlyCount "95"]
[EventDate "2015.03.20"]

1. Nf3 c5 2. g3 d5 3. Bg2 Nc6 4. d3 e5 5. O-O Nf6 6. Nbd2 Be7 7. e4 d4 8. Nc4
Qc7 9. a4 Be6 10. b3 Bxc4 11. bxc4 O-O 12. Nh4 g6 13. f4 Nd7 14. Nf3 exf4 15.
Bxf4 Nde5 16. Nxe5 Nxe5 17. Qd2 Bf6 18. Rab1 Rfd8 19. Bxe5 Bxe5 20. Rf2 Rd6 21.
Rbf1 Rf8 22. Ra1 Ra6 23. Rff1 Rb6 24. Rfb1 Rxb1+ 25. Rxb1 Re8 26. Rb5 a6 27.
Rb3 Re6 28. Qe1 Rf6 29. Qb1 b6 30. Qe1 Qd7 31. Qa1 Qg4 32. Qe1 h5 33. Rb1 h4
34. Qd1 Qg5 35. Qc1 Qxc1+ 36. Rxc1 hxg3 37. hxg3 Bxg3 38. Rf1 Kg7 39. Rxf6 Kxf6
40. Bh3 Ke5 41. Kg2 Kf4 42. e5 Bh4 43. e6 fxe6 44. Bxe6 Ke3 45. Kh3 g5 46. Kg4
Kd2 47. Bf5 Kxc2 48. Be4 1/2-1/2

[Event "C.to Provinciale PR"]
[Site "Salsomaggiore Terme ITA"]
[Date "2015.03.22"]
[Round "4"]
[White "Pagani, Fausto"]
[Black "Fischetti, Luciano"]
[WhiteElo "1586"]
[BlackElo "1523"]
[Result "0-1"]
[PlyCount "92"]
[EventDate "2015.03.20"]

1. d4 d5 2. c4 e5 3. dxe5 d4 4. Nf3 Nc6 5. a3 Bg4 6. Nbd2 Nge7 7. h3 Bxf3 8.
Nxf3 Ng6 9. Bg5 Be7 10. Bxe7 Kxe7 11. g3 Re8 12. Bg2 Kf8 13. O-O Ncxe5 14. Nxe5
Nxe5 15. Bxb7 Rb8 16. Bd5 c6 17. Be4 Nxc4 18. Bxc6 Re7 19. b4 Ne5 20. Be4 Rd7
21. Rc1 Qg5 22. Rc5 Qf6 23. Qc2 Rdd8 24. Kh2 Qe6 25. Bf5 Qd6 26. Rd1 g6 27. Be4
Qf6 28. f4 Nd7 29. Rc6 Qg7 30. Rc7 Nf6 31. Qc5+ Kg8 32. Bd3 Nd5 33. Rxa7 Rbc8
34. Qa5 Ne3 35. Rb1 Qf8 36. b5 Ra8 37. Rxa8 Rxa8 38. Qb4 Qd8 39. a4 Qd5 40. Rg1
Qd7 41. a5 Qa7 42. Ra1 Qb7 43. Rg1 Nd5 44. Qxd4 Rxa5 45. Rb1 Ra8 46. Be4 Rd8
0-1

[Event "C.to Provinciale PR"]
[Site "Salsomaggiore Terme ITA"]
[Date "2015.03.22"]
[Round "4"]
[White "Panizzi, Giuseppe"]
[Black "Paoli, Walter"]
[WhiteElo "2080"]
[BlackElo "2039"]
[Result "1/2-1/2"]
[PlyCount "93"]
[EventDate "2015.03.20"]

1. Nf3 Nf6 2. d4 d5 3. Bf4 e6 4. e3 Bd6 5. Nbd2 Bxf4 6. exf4 Qd6 7. g3 O-O 8.
Bg2 Nbd7 9. O-O Ne4 10. Re1 f5 11. c3 c5 12. Ne5 Nxd2 13. Qxd2 c4 14. Re2 Nxe5
15. Rxe5 Bd7 16. Rae1 b5 17. Qe2 g6 18. h4 Rab8 19. h5 Rf6 20. hxg6 hxg6 21. a3
Kg7 22. Qd2 a5 23. Ra1 Rb6 24. Bf3 Qb8 25. Kg2 b4 26. axb4 axb4 27. Re2 Rf8 28.
Rh1 bxc3 29. bxc3 Rb1 30. Ree1 Rxe1 31. Qxe1 Rh8 32. Rxh8 Kxh8 33. Qh1+ Kg7 34.
Qh4 Qf8 35. Bd1 Qf6 36. Qg5 Qxg5 37. fxg5 Kf7 38. Kf3 Ke7 39. Kf4 Kd6 40. g4
Be8 41. gxf5 exf5 42. Ke3 Bd7 43. f4 Bc6 44. Kd2 Kc7 45. Bc2 Kb6 46. Kc1 Ka5
47. Bd1 1/2-1/2